[Event "POL-ch U16 Girls"]
[Site "Sypniewo"]
[Date "2022.03.27"]
[Round "9"]
[White "Pietrzak, Emilia"]
[Black "Walendykiewicz, Martyna"]
[Result "0-1"]
[WhiteElo "1474"]
[BlackElo "1224"]
[PlyCount "106"]
[EventDate "2022.03.19"]
[EventType "swiss"]
[EventRounds "9"]
[EventCountry "POL"]
[SourceTitle "CBM 207 Extra"]
[Source "ChessBase"]
[SourceDate "2022.05.31"]
[SourceVersion "1"]
[SourceVersionDate "2022.05.31"]
[SourceQuality "1"]

1. d4 d5 2. c4 e6 3. Nf3 Nf6 4. g3 Be7 5. Bg2 0-0 6. 0-0 b6 7. Nc3 Bb7 8. b3 Nbd7 9. Bb2 c5 10. cxd5 Nxd5 11. Ne4 N7f6 12. Nfd2 cxd4 13. Bxd4 Qd7 14. e3 Nxe4 15. Nxe4 f5 16. Nd2 Bf6 17. Nc4 Ba6 18. Qd2 Rac8 19. Rac1 Rfd8 20. Rfd1 Bxc4 21. bxc4 Ne7 22. Qc2 Bxd4 23. exd4 Kf8 24. Qe2 g6 25. Qe3 Ng8 26. d5 exd5 27. Bxd5 Qe7 28. Qf3 Nf6 29. Re1 Qc5 30. Qc3 Kg7 31. Re6 Rf8 32. Qb2 Rce8 33. Rce1 Rxe6 34. Rxe6 b5 35. Qe5 bxc4 36. Re7+ Kh6 37. h4 Nxd5 38. Qg7+ Kh5 39. Qxh7+ Kg4 40. Kg2 Nf4+ 41. gxf4 Qd5+ 42. Kh2 Qd6 43. Re3 Qf6 44. Rg3+ Kxf4 45. Qc7+ Qe5 46. Rf3+ Ke4+ 47. Qxe5+ Kxe5 48. Kg2 Rc8 49. Rc3 Kd4 50. Rc1 Kd3 51. Kf3 Kd2 52. Rb1 c3 53. Rb7 Rd8 0-1

[Event "POL-ch U16 Girls"]
[Site "Sypniewo"]
[Date "2022.03.26"]
[Round "8"]
[White "Walendykiewicz, Martyna"]
[Black "Niedorys, Karolina"]
[Result "1/2-1/2"]
[WhiteElo "1224"]
[BlackElo "1583"]
[PlyCount "176"]
[EventDate "2022.03.19"]
[EventType "swiss"]
[EventRounds "9"]
[EventCountry "POL"]
[SourceTitle "CBM 207 Extra"]
[Source "ChessBase"]
[SourceDate "2022.05.31"]
[SourceVersion "1"]
[SourceVersionDate "2022.05.31"]
[SourceQuality "1"]

1. e4 c5 2. Nf3 Nc6 3. d4 cxd4 4. Nxd4 g6 5. Be3 Bg7 6. Nc3 Nf6 7. Be2 0-0 8. 0-0 d6 9. Nb3 Be6 10. Kh1 Ne5 11. f4 Nc4 12. Bxc4 Bxc4 13. Re1 b6 14. Nd4 Qd7 15. f5 Rfd8 16. Bg5 Rac8 17. Re3 h5 18. Bxf6 Bxf6 19. fxg6 fxg6 20. Rg3 Kh7 21. Qd2 Rf8 22. Rd1 Rf7 23. b3 Ba6 24. Nce2 Be5 25. Rf3 Rxf3 26. Nxf3 Bxe2 27. Qxe2 Bf4 28. c4 Bh6 29. Qd3 Qg4 30. h3 Qe6 31. Nd4 Qe5 32. Rf1 Rf8 33. Nf3 Qg7 34. Qd5 Rf6 35. Re1 Rf4 36. e5 dxe5 37. Qxe5 Qxe5 38. Nxe5 Rf6 39. Nf3 Bf8 40. Rd1 Rd6 41. Ng5+ Kg7 42. Rxd6 exd6 43. Kg1 Be7 44. Ne4 Kf7 45. Kf2 Ke6 46. Nc3 Ke5 47. Nb5 a5 48. Kf3 d5 49. cxd5 Kxd5 50. Ke3 h4 51. Kd3 Bf6 52. Nc7+ Kc6 53. Ne6 g5 54. Ke4 Kb5 55. Kd3 Kb4 56. Kc2 Ka3 57. Kb1 a4 58. bxa4 Kxa4 59. Nc7 b5 60. Nd5 Bd4 61. Nc7 b4 62. Ne6 Be3 63. Nc7 Bf4 64. Nd5 Be5 65. Ne3 Bd4 66. Nf5 Be5 67. Ne7 Ka3 68. Nc6 Bf6 69. Kc2 Bc3 70. Kb1 b3 71. axb3 Kxb3 72. Kc1 Kc4 73. Kd1 Kd3 74. Nd8 Ke3 75. Ne6 Bf6 76. Ke1 Ke4 77. Nc5+ Kf4 78. Nd3+ Ke4 79. Nf2+ Kf4 80. Nd3+ Ke3 81. Nf2 Bd8 82. Ng4+ Kf4 83. Ke2 Kg3 84. Kf1 Bb6 85. Ne5 Bc7 86. Nf3 g4 87. hxg4 Kxg4 88. Nxh4 Kxh4 1/2-1/2

[Event "POL-ch U16 Girls"]
[Site "Sypniewo"]
[Date "2022.03.19"]
[Round "1"]
[White "Gornisiewicz, Natalia"]
[Black "Walendykiewicz, Martyna"]
[Result "1/2-1/2"]
[WhiteElo "1485"]
[BlackElo "1224"]
[PlyCount "108"]
[EventDate "2022.03.19"]
[EventType "swiss"]
[EventRounds "9"]
[EventCountry "POL"]
[SourceTitle "CBM 207 Extra"]
[Source "ChessBase"]
[SourceDate "2022.05.31"]
[SourceVersion "1"]
[SourceVersionDate "2022.05.31"]
[SourceQuality "1"]

1. Nf3 Nf6 2. g3 d5 3. Bg2 Bf5 4. d3 e6 5. Nbd2 Nc6 6. 0-0 Be7 7. h3 h6 8. Nh2 0-0 9. e4 dxe4 10. Nxe4 Bxe4 11. dxe4 e5 12. c3 Qxd1 13. Rxd1 Rad8 14. Be3 a6 15. Nf1 Na5 16. Nd2 b5 17. b4 Nb7 18. f4 Bd6 19. f5 Nh7 20. Nb3 Be7 21. h4 Nf6 22. Bf3 Kh7 23. g4 Rxd1+ 24. Rxd1 Rd8 25. Rxd8 Bxd8 26. g5 Nd7 27. Bh5 Kg8 28. Kg2 Nd6 29. Nd2 hxg5 30. hxg5 c6 31. Bd1 Bb6 32. Bxb6 Nxb6 33. Bb3 Nbc4 34. Bxc4 Nxc4 35. Nxc4 bxc4 36. Kf2 Kf8 37. Ke2 Ke7 38. Kd2 Kd6 39. Kc2 Kc7 40. Kb2 Kb6 41. a4 Kc7 42. Ka2 Kb6 43. a5+ Kc7 44. Kb2 Kd7 45. Ka2 Ke7 46. Kb2 Kf8 47. Kc2 Kg8 48. Kd2 Kh7 49. Ke3 f6 50. gxf6 gxf6 51. Kf3 Kg7 52. Kg4 Kf7 53. Kh5 Kg7 54. Kg4 Kf7 1/2-1/2